Normal view
MARC view
Entry Personal Name
001 - CONTROL NUMBER
- control field: 34427
003 - CONTROL NUMBER IDENTIFIER
- control field: dpl
005 - DATE AND TIME OF LATEST TRANSACTION
- control field: 20110905170753.0
008 - FIXED-LENGTH DATA ELEMENTS
- fixed length control field: 110905|||a|||||| | ||| d
040 ## - CATALOGING SOURCE
- Original cataloging agency: dpl
- Transcribing agency: dpl
100 ## - HEADING--PERSONAL NAME
- Personal name: Carmichael, R. D.
- Fuller form of name: (Robert Daniel)
670 ## - SOURCE DATA FOUND
- Source citation: Work cat.: (dpl)29535: Carmichael, R. D. (Robert Daniel), The theory of numbers /, 2008(repr.).
670 ## - SOURCE DATA FOUND
- Source citation: Work cat.: (dpl)29535: Carmichael, R. D. (Robert Daniel), The theory of numbers /, 2008(repr.).
